000 00590nam a2200205 i 4500
001 67051
003 ES-MaACL
005 20250721063435.0
007 t|
008 040503s1987 sp ||||1| spa d
080 _a821.134.2-94"19"
100 1 _aAlfonso, Eduardo,
_d1896-1991
_919848
245 1 0 _a"Mikita" y yo /
_cEduardo Alfonso y Hernán.
260 _a[Madrid] :
_bEduardo Alfonso y Hernán,
_c1987.
300 _a16 p. :
_bil. ;
_c21 cm.
490 1 _aSagitario
830 0 _aSagitario
_9183083
852 _aES-MaACL
_j2169-F-28
_bR.119084
999 _c67051
_d67051